Statistiken für Allgemeinwissen-Weltall /Einfach

Klicken Sie hier um das Quiz zu spielen!

Allgemein

  • Dieses Quiz wurde 321 mal gespielt
  • Das Durchschnittsergebnis liegt bei 6 aus 11

Antwortstatistiken

FrageAntwort% Korrekt
Wie heißt unsere Galaxie?Milchstraße
97%
Was ist der größte Planet im Sonnensystem?Jupiter
90%
Wie viele Planeten hat unser Sonnensystem?8
88%
Wie viele Sterne befinden sich ungefähr in der Milchstraße?100-300 Milliarden
64%
Wie heißt unser Galaxiehaufen?Lokale Gruppe
60%
Wann war der Urknall?vor rund 13,8 Milliarden Jahren
55%
Wie heißt der bisher größte Stern,der entdeckt wurde?Stephenson 2-18
39%
Was ist der größte Mond im Sonnensystem?Ganymed
29%
Wie viele Sternbilder gibt es?88
28%
Welcher Stern ist der hellste, den man mit bloßem Auge sehen kann (auf der Nordhalbkugel)?Sirius
24%
Wie heißt das bisher größte Schwarze Loch,das entdeckt wurde?Phoenix A
22%

Verteilung der Resultate

Perzentil nach korrekt beantworteten Fragen

Anzahl Personen mit jedem Resultat

Ihre Resultats-Entwicklung

Sie haben dieses Quiz noch nicht gespielt